[Event "RUS-ch (Women)"]
[Site "Elista"]
[Date "1996.??.??"]
[Round "5"]
[White "Ruchieva, Natalia"]
[Black "Demina, Julia"]
[Result "1/2-1/2"]
[WhiteElo "2255"]
[BlackElo "2355"]

1.e4 c5 2.c3 Nf6 3.e5 Nd5 4.d4 cxd4 5.Nf3 Nc6 6.cxd4 d6 7.Nc3 dxe5 8.dxe5 Nxc3
9.Qxd8+ Nxd8 10.bxc3 Bd7 11.Be3 Rc8 12.Bxa7 Rxc3 13.Be2 e6 14.O-O Nc6 15.Be3 Bc5
16.Bxc5 Rxc5 17.Rab1 Na5 18.Rfc1 Rxc1+ 19.Rxc1 Ke7 20.Nd4  1/2-1/2

[Event "RUS-ch (Women)"]
[Site "Elista"]
[Date "1996.??.??"]
[Round "7"]
[White "Aljautdinova, Margarita"]
[Black "Fatalibekova, Elena"]
[Result "0-1"]
[WhiteElo "2085"]
[BlackElo "2240"]

1.e4 c5 2.c3 Nf6 3.e5 Nd5 4.d4 cxd4 5.Nf3 Nc6 6.cxd4 d6 7.Bc4 e6 8.O-O Be7
9.Qe2 O-O 10.Qe4 dxe5 11.dxe5 Qc7 12.a3 Rd8 13.Re1 g6 14.Bh6 Bd7 15.h4 Rac8
16.Nbd2 Be8 17.h5 Na5 18.hxg6 hxg6 19.Bd3 b5 20.Bg5 Nc4 21.Bxc4 bxc4 22.Qh4 c3
23.bxc3 Bxg5 24.Qxg5 Nxc3 25.Rac1 Ne2+ 26.Rxe2 Qxc1+ 27.Re1 Qc2 28.Ne4 Rd1
29.Rxd1 Qxd1+ 30.Kh2 Qc1 31.Qe7 Qf4+  0-1

[Event "RUS-ch"]
[Site "Elista"]
[Date "1996.??.??"]
[Round "8"]
[White "Vorotnikov, Vladislav V"]
[Black "Makarov, Marat"]
[Result "0-1"]
[WhiteElo "2510"]
[BlackElo "2560"]

1.e4 c5 2.c3 Nf6 3.e5 Nd5 4.g3 d6 5.exd6 Qxd6 6.Bg2 Nc6 7.Na3 Bf5 8.d4 cxd4
9.Nb5 Qe5+ 10.Ne2 Nxc3 11.Nxc3 dxc3 12.bxc3 Rd8 13.Qa4 Bd7 14.Bf4 Qf6 15.O-O e5
16.Qe4 Be7 17.Be3 Qg6 18.Qc4 O-O 19.h3 Be6 20.Qb5 Rd7 21.Rfd1 Rfd8 22.Rxd7 Rxd7
23.Bxc6 bxc6 24.Qxe5 Bd6 25.Qg5 Qe4 26.Bd4 f6 27.Qe3 Qxe3 28.Bxe3 Bxh3 29.Nd4 c5
30.Nb3 Rc7 31.Rd1 Be7 32.f3 Be6 33.g4 Kf7 34.Rd2 h6 35.Kf2 f5 36.gxf5 Bxf5
37.Rd5 Be6 38.Re5 Bd6 39.Re4 Bd5 40.Ra4 Ke8 41.Ra5 Rf7 42.Nd2 Rc7 43.c4 Bf7
44.Ne4 Be7 45.Bf4 Rc6 46.Rxa7 Bxc4 47.a4 Bd3 48.Nc3 c4 49.Rb7 Re6 50.Rc7 Bh4+
51.Bg3 Bd8 52.Rb7 Ba5 53.Ne4 Bxe4 54.fxe4 c3 55.Rb5 c2 56.Bf4 Rxe4 57.Bc1 Rxa4
58.Rb2 Rc4 59.Ke2 g5 60.Kd3 Rc3+ 61.Kd4 Rc8 62.Kd3 Kf7 63.Rxc2 Rxc2 64.Kxc2 Kg6  0-1

[Event "RUS-ch (Women)"]
[Site "Elista"]
[Date "1996.??.??"]
[Round "9"]
[White "Lopatskaya, Elena P"]
[Black "Shumiakina, Tatiana"]
[Result "1/2-1/2"]
[WhiteElo "2170"]
[BlackElo "2350"]

1.e4 c5 2.c3 Nf6 3.d3 Nc6 4.Nf3 e6 5.Be2 Be7 6.O-O Qc7 7.Re1 O-O 8.a3 d6
9.b4 b6 10.Bb2 Bb7 11.Bf1 Ne5 12.Nbd2 Nxf3+ 13.Nxf3 Rfe8 14.Rc1 Bc6 15.a4 a5
16.b5 Bb7 17.Nd2 e5 18.d4 Bf8  1/2-1/2

[Event "Ermoupoli"]
[Site "Ermoupoli"]
[Date "1996.??.??"]
[Round "2"]
[White "Tzermiadianos, Andreas"]
[Black "Petraki, Maria"]
[Result "1-0"]
[WhiteElo "2410"]
[BlackElo "2120"]

1.e4 c5 2.c3 Nf6 3.e5 Nd5 4.Nf3 Nc6 5.d4 cxd4 6.Bc4 Nb6 7.Bb3 d6 8.exd6 Qxd6
9.O-O g6 10.Ng5 e6 11.Qf3 Qe7 12.Ne4 f5 13.Ng5 Bg7 14.Re1 e5 15.Nf7 Rf8 16.Bg5 Qc5
17.Nxe5 Nxe5 18.cxd4 Qxd4 19.Nc3 Bd7 20.Rad1 Qg4 21.Qe3 Nc4 22.Bxc4 Qxc4
23.f4 h6 24.Bxh6 O-O-O 25.Bxg7 Ng4 26.Qxa7 Bc6 27.Bxf8  1-0

[Event "Espoo op"]
[Site "Espoo"]
[Date "1996.??.??"]
[Round "?"]
[White "Kiik, Kalle"]
[Black "Veingold, Aleksandr"]
[Result "1/2-1/2"]
[WhiteElo "2385"]
[BlackElo "2425"]

1.e4 c5 2.c3 Nf6 3.e5 Nd5 4.d4 cxd4 5.Nf3 Nc6 6.cxd4 d6 7.Bc4 Nb6 8.Bb5 Bd7
9.Nc3 dxe5 10.Nxe5 Nxe5 11.dxe5 Bxb5 12.Nxb5 Qxd1+ 13.Kxd1 Nd5 14.Bd2 a6
15.Nc3  1/2-1/2

[Event "Espoo We ESK op"]
[Site "Espoo"]
[Date "1996.??.??"]
[Round "6"]
[White "Laine, Heikki"]
[Black "Rytshagov, Mikhail"]
[Result "1/2-1/2"]
[WhiteElo "2220"]
[BlackElo "2495"]

1.e4 c5 2.c3 Nf6 3.e5 Nd5 4.d4 cxd4 5.Nf3 e6 6.cxd4 d6 7.Nc3 Nxc3 8.bxc3 Qc7
9.Qb3 Nd7 10.Bf4 dxe5 11.Nxe5 Bd6 12.Bb5 O-O 13.Nxd7 Bxd7 14.Bxd6 Qxd6 15.Bxd7 Qxd7
16.O-O Rac8 17.Rfd1 Qc6 18.Rac1 b5 19.d5 exd5 20.Qxd5 g6 21.g3 Rfe8 22.Qxc6 Rxc6
23.Rd4 Re2 24.a4 Rf6 25.Rf1 bxa4 26.Rxa4 a6 27.f4 Rc6 28.Rf2 Re1+ 29.Kg2 Kf8
30.Rfa2 Ree6 31.c4 Ke7 32.Kf3 h5 33.h3 Red6 34.R2a3 Kd7 35.g4 hxg4+ 36.hxg4 Rd4
37.Ke3 Rdxc4 38.Rxc4 Rxc4 39.Rxa6 Ke7 40.g5 Kf8  1/2-1/2

[Event "EST-ch"]
[Site "?"]
[Date "1996.??.??"]
[Round "7"]
[White "Cheutshenko, Robert"]
[Black "Shishkov, Andrei"]
[Result "1-0"]
[WhiteElo "2360"]
[BlackElo "2135"]

1.e4 c5 2.c3 Nf6 3.e5 Nd5 4.d4 cxd4 5.Nf3 e6 6.cxd4 b6 7.Nc3 Nxc3 8.bxc3 Qc7
9.Bd2 d6 10.Bb5+ Nd7 11.Ng5 Bb7 12.Qh5 g6 13.Qh3 dxe5 14.O-O Be7 15.Rfe1 a6
16.Bd3 Bf6 17.f4 Bxg5 18.fxg5 O-O-O 19.Re3 h6 20.gxh6 f5 21.Rg3 e4 22.Bf1 Rdg8
23.Qh4 e5 24.dxe5 Nxe5 25.Bf4 g5 26.Rxg5 Qc5+ 27.Kh1 Ng4 28.Rxg8+ Rxg8 29.h7 Rh8
30.h3 Nf2+ 31.Kh2 Nd3 32.Bxd3 exd3 33.Qg5 Qd5 34.Re1 d2 35.Bxd2 Rxh7 36.Re8+ Kc7
37.Bf4+  1-0

[Event "FIN-chT 9596"]
[Site "FIN"]
[Date "1996.??.??"]
[Round "3"]
[White "Lehtivaara, Risto"]
[Black "Penttinen, Jarkko"]
[Result "0-1"]
[WhiteElo "2270"]
[BlackElo "2265"]

1.e4 c5 2.c3 Nf6 3.e5 Nd5 4.d4 cxd4 5.Nf3 Nc6 6.cxd4 d6 7.Bc4 Nb6 8.Bb5 dxe5
9.Nxe5 Bd7 10.Bxc6 Bxc6 11.Nxc6 bxc6 12.O-O g6 13.a4 Bg7 14.a5 Nd5 15.Nc3 O-O
16.Ra4 Rb8 17.Re1 e6 18.g3 Qd7 19.Ne4 Rb5 20.h4 Rfb8 21.h5 Rb4 22.Nc5 Qc8
23.hxg6 hxg6 24.Re4 Rxa4 25.Qxa4 Rb4 26.Qd1 Qd8 27.Kg2 e5 28.Qe1 Rxd4 29.Rxd4 exd4
30.Qe4 Qxa5 31.Qe8+ Kh7 32.Nd7 Nf6 33.Nf8+ Bxf8 34.Qxf8 Qd5+ 35.Kg1 Nd7 36.Qh6+ Kg8
37.Qf4 Qe5 38.Kf1 Qb5+ 39.Kg2 Qd5+ 40.Kf1 Ne5  0-1

[Event "FIN-chT 9697"]
[Site "FIN"]
[Date "1996.??.??"]
[Round "4.5"]
[White "Lehtivaara, Risto"]
[Black "Lahtinen, Markku"]
[Result "1-0"]
[WhiteElo "2270"]
[BlackElo "2230"]

1.e4 c5 2.c3 Nf6 3.e5 Nd5 4.d4 cxd4 5.Nf3 e6 6.cxd4 b6 7.Nc3 Nxc3 8.bxc3 Qc7
9.Bd2 d6 10.Bd3 Nd7 11.O-O Bb7 12.Re1 dxe5 13.dxe5 Be7 14.Bg5 h6 15.Bxe7 Kxe7
16.Nd4 a6 17.Be4 Rac8 18.Bxb7 Qxb7 19.Qg4 Rcg8 20.f4 g6 21.Rad1 Nc5 22.Qh4+ g5
23.fxg5 hxg5 24.Qf2 Rg6 25.Rf1 Rh7 26.Qf3 Qxf3 27.Rxf3 f5 28.exf6+ Rxf6 29.Nc6+ Kf7
30.Ne5+ Kg7 31.Rd6 Rxf3 32.Nxf3 Kf6 33.Rxb6 Rb7 34.Rxb7 Nxb7 35.Kf2 Nd6 36.Ke3 e5
37.Nd2 Kf5 38.c4 Ke6 39.g4 Nf7 40.Ne4 a5 41.Nc5+ Kd6 42.Nb7+ Kc6 43.Nxa5+ Kc5
44.Ke4 Kd6 45.Nb3 Ke6 46.c5  1-0

[Event "FIN-chT 9697"]
[Site "FIN"]
[Date "1996.??.??"]
[Round "5.2"]
[White "Westerinen, Heikki MJ"]
[Black "Yrjola, Jouni"]
[Result "1/2-1/2"]
[WhiteElo "2410"]
[BlackElo "2460"]

1.e4 c5 2.c3 Nf6 3.e5 Nd5 4.d4 cxd4 5.Nf3 e6 6.cxd4 d6 7.a3 Bd7 8.Bd3 Bc6
9.O-O Nd7 10.Re1 Be7 11.exd6 Bxd6 12.Bg5 Be7 13.Bxe7 Qxe7 14.Nc3 O-O 15.Ne5 Nxe5
16.Nxd5 Bxd5 17.dxe5 Rfd8 18.Qe2 Qg5 19.Be4 g6 20.Bxd5 Rxd5 21.Rad1 Rad8
22.Rxd5 Rxd5 23.g3 a6 24.Qe3 Qxe3 25.Rxe3 g5 26.Kg2 Kg7 27.g4 Kg6 28.h3 h5
29.gxh5+ Kxh5 30.Kg3 Rd4 31.Rc3 b5 32.Rc7 Kg6 33.Ra7 Ra4 34.Rb7 Rd4 35.Ra7 Ra4
36.Rb7 Rd4 37.Ra7 Ra4  1/2-1/2

[Event "FIN-chT 9596"]
[Site "FIN"]
[Date "1996.??.??"]
[Round "8"]
[White "Sepp, Olav"]
[Black "Maki, Veijo"]
[Result "1-0"]
[WhiteElo "2440"]
[BlackElo "2420"]

1.e4 c5 2.c3 Nf6 3.d3 d5 4.Nd2 Nc6 5.Ngf3 e6 6.g3 Qc7 7.Bg2 b6 8.O-O Ba6
9.exd5 exd5 10.Re1+ Be7 11.Nf1 O-O 12.Bf4 Qd7 13.d4 Rad8 14.Ne5 Nxe5 15.Bxe5 Ne4
16.Ne3 f5 17.f3 Ng5 18.h4 Nf7 19.f4 Nxe5 20.dxe5 d4 21.Qb3+ Kh8 22.Rad1 Qe8
23.cxd4 cxd4 24.Nd5 Qd7 25.Nxe7 Qxe7 26.Qa4 Bc8 27.Kh2 Be6 28.Rxd4 Rxd4 29.Qxd4 Rd8
30.Qc3 Qc5 31.Qxc5 bxc5 32.Rc1 c4 33.Rc2 Kg8 34.Bf1 Rd4 35.Kg2 Kf7 36.Kf2 h6
37.h5 Ke7 38.Be2 a5 39.Ke3 Re4+ 40.Kf2 Rd4 41.Ke1 Bf7 42.Rd2 Re4 43.Kf2 c3
44.bxc3 Ra4 45.c4 Bxc4 46.Rd4 Bb3 47.Rxa4 Bxa4 48.Ke3 Bd7 49.Kd4 Be8 50.Kc3 Ke6
51.Bd3 a4 52.a3 Ke7 53.Kb4 Ke6  1-0

[Event "Finkenstein op"]
[Site "Finkenstein"]
[Date "1996.??.??"]
[Round "4"]
[White "Praznik, Anton"]
[Black "Bergen, Peter"]
[Result "1/2-1/2"]
[WhiteElo "2230"]
[BlackElo "2155"]

1.e4 c5 2.c3 Nf6 3.e5 Nd5 4.d4 cxd4 5.Nf3 e6 6.cxd4 d6 7.Bc4 Nc6 8.O-O dxe5
9.dxe5 Be7 10.Qe2 O-O 11.Nbd2 Na5 12.Bb5 Bd7  1/2-1/2

[Event "Finkenstein op"]
[Site "Finkenstein"]
[Date "1996.??.??"]
[Round "8"]
[White "Krachler, Guenther"]
[Black "Bergen, Peter"]
[Result "1-0"]
[WhiteElo "1980"]
[BlackElo "2155"]

1.e4 c5 2.c3 Nf6 3.e5 Nd5 4.d4 cxd4 5.Nf3 e6 6.cxd4 Nc6 7.Nc3 Nxc3 8.bxc3 d6
9.exd6 Bxd6 10.Bd3 Be7 11.O-O O-O 12.Qe2 g6 13.Bh6 Re8 14.Rab1 Qc7 15.Rfd1 Bd7
16.Ng5 Bf8 17.Bxf8 Rxf8 18.Be4 h6 19.Nf3 b6 20.c4 Rae8 21.c5 Ne7 22.Ne5 Ba4
23.Rdc1 bxc5 24.Qa6 Bd7 25.Rxc5 Qd8 26.Qxa7 Bc8 27.Rc7 Qd6 28.g3 h5 29.Bd3  1-0

[Event "FRA-ch"]
[Site "France"]
[Date "1996.??.??"]
[Round "9"]
[White "Marciano, David"]
[Black "Koch, Jean Rene"]
[Result "1/2-1/2"]
[WhiteElo "2480"]
[BlackElo "2490"]

1.e4 c5 2.c3 Nf6 3.e5 Nd5 4.Nf3 e6 5.Bc4 d6 6.O-O dxe5 7.Nxe5 Be7 8.d4 O-O
9.dxc5 Bxc5 10.Nd2 Nc6 11.Ndf3 Nxe5 12.Nxe5 Qc7 13.Re1 Bd6 14.Qd4 Rd8 15.Bb3 b6
16.Bxd5 exd5 17.Bf4 Be6 18.Qd2 Rac8 19.Bg3 d4 20.cxd4 Qc2 21.Qxc2 Rxc2 22.Rac1 Rxc1
23.Rxc1 Bxe5 24.Bxe5  1/2-1/2

[Event "Geneve op"]
[Site "Geneve"]
[Date "1996.??.??"]
[Round "1"]
[White "Goldgewicht, Lionel"]
[Black "Razuvaev, Yuri S"]
[Result "0-1"]
[WhiteElo "2325"]
[BlackElo "2580"]

1.e4 c5 2.c3 Nf6 3.e5 Nd5 4.d4 cxd4 5.Nf3 e6 6.cxd4 b6 7.a3 Be7 8.Nbd2 f5
9.exf6 Nxf6 10.Bd3 Ba6 11.Nc4 O-O 12.O-O Bb7 13.Ne3 Qe8 14.Bc4 Qh5 15.Ne5 Qxd1
16.Rxd1 d5 17.Bb5 Ne4 18.f3 Nd6 19.Bf1 Nc6 20.Nxc6 Bxc6 21.a4 a5 22.b3 b5
23.Ba3 b4 24.Bb2 h5 25.Re1 Bb7 26.Bd3 Kf7 27.Rac1 Rfc8 28.Rxc8 Rxc8 29.Nd1 Bf6
30.Nf2 Nf5 31.Bxf5 exf5 32.Nd3 Rc2 33.Ba1 Rd2 34.Nc5 Bc8 35.Kf1 Ra2 36.f4 g5
37.fxg5 Bxg5 38.Rb1 Rc2 39.Re1 Bd2 40.Rd1 f4 41.Kg1 Bg4 42.Rb1 Be3+ 43.Kh1 f3
44.Rf1 f2  0-1

[Event "Geneve op"]
[Site "Geneve"]
[Date "1996.??.??"]
[Round "8"]
[White "Pinkus, Lutz"]
[Black "Astengo, Corrado"]
[Result "0-1"]
[WhiteElo "2185"]
[BlackElo "2130"]

1.e4 c5 2.c3 Nf6 3.e5 Nd5 4.d4 cxd4 5.Qxd4 e6 6.Bc4 Nc6 7.Qe4 f5 8.Qe2 Nde7
9.Nf3 Ng6 10.O-O Qc7 11.Re1 Be7 12.a4 O-O 13.Na3 a6 14.b4 b6 15.Bd2 Bb7 16.Bd3 Na7
17.Bxa6 Bxf3 18.gxf3 Nh4 19.Nc2 Nc6 20.b5 Nxe5 21.Nd4 Nc4 22.f4 Bf6 23.Rad1 Bxd4
24.cxd4 Rxa6 25.bxa6 Qc6 26.f3 Nxf3+ 27.Kf2 Nfxd2 28.Rxd2 Nxd2 29.Qxd2 Qxa4
30.d5 Rc8 31.Re2 Qxa6 32.dxe6 dxe6 33.Qd7 Qc4 34.Qxe6+ Qxe6 35.Rxe6 Rb8 36.Re5 g6
37.Rb5 Kf7 38.Ke3 Ke6 39.Kd4 Kd6 40.Kc4 Kc6 41.Re5 Rd8 42.h4 b5+ 43.Rxb5 Re8
44.Rc5+ Kd6 45.Rd5+ Ke6 46.h5 Kf6 47.Rd6+ Kg7 48.hxg6 hxg6 49.Kd3 Re4 50.Rd4 Rxd4+
51.Kxd4 Kh6  0-1

[Event "Geneve op"]
[Site "Geneve"]
[Date "1996.??.??"]
[Round "8"]
[White "Schild, Christophe"]
[Black "Kraft, Volker"]
[Result "1-0"]
[WhiteElo "2135"]
[BlackElo "2250"]

1.e4 c5 2.c3 Nf6 3.e5 Nd5 4.d4 cxd4 5.Nf3 Nc6 6.cxd4 d6 7.Bc4 Nb6 8.Bb5 Bd7
9.exd6 e6 10.Nc3 Bxd6 11.a3 a6 12.Bd3 Qc7 13.Bg5 Be7 14.Bxe7 Nxe7 15.Rc1 Rc8
16.O-O Qb8 17.Ne5 h6 18.Qh5 O-O 19.Rce1 Nc6 20.Re4 f5 21.Nxd7 Nxd7 22.Rxe6 Nxd4
23.Rg6 Kh7 24.Rg3 Qd6 25.Rd1 Rfd8 26.Kf1 g6 27.Qh4 Qb6 28.Rh3 h5 29.Na4 Qb3
30.Be2 Qxa4 31.Rxd4  1-0

[Event "Oberliga Nord N9697"]
[Site "Germany"]
[Date "1996.??.??"]
[Round "?"]
[White "Engelbert, Christoph"]
[Black "Knuth, Hannes"]
[Result "1/2-1/2"]
[WhiteElo "2265"]
[BlackElo "2280"]

1.e4 c5 2.c3 Nf6 3.e5 Nd5 4.d4 cxd4 5.Nf3 e6 6.cxd4 b5 7.Bd3 Bb7 8.O-O a6
9.Nc3 Be7 10.Ne4 Nc6 11.Bg5 f6 12.exf6 gxf6 13.Bh6 Qb6 14.a4 b4 15.Nfd2 Na5
16.Bg7 Rg8 17.Qh5+ Kd8 18.Qf7 Rxg7 19.Qxg7 Qxd4 20.Rac1 Nc6 21.Qg3 f5 22.Nb3 Qxb2
23.Nec5 Bc8 24.Nxe6+ dxe6 25.Rxc6 Kd7 26.Rc2 Qf6 27.Nc5+ Bxc5 28.Rxc5 Bb7
29.Rfc1 Rc8 30.Rxc8 Bxc8 31.Bc4 Qb2 32.Rd1 Bb7 33.Qb8 Bc6 34.Bxa6 Ke7 35.Qg8 Bxa4
36.Re1 Bd7 37.Qxh7+ Kd6 38.Qh6 Qd4 39.Qf8+ Kc7 40.Rc1+ Nc3 41.Qe7 Qd2 42.Qc5+ Bc6
43.Rf1 Nd5 44.Bb5 Qc3 45.Qxc6+ Qxc6 46.Bxc6 Kxc6 47.h4 Nf6 48.Re1 Kd5 49.f3 e5
50.Kf2 Kd4 51.Ke2 e4 52.Rd1+ Ke5 53.Ra1 Kf4 54.Ra5 Nh5 55.fxe4 Ng3+ 56.Ke1 Nxe4
57.h5 Kg5 58.h6 Nf6 59.Kd1 Kg6 60.Ra6 Kf7 61.Kc2 Nd5 62.Kb3 Kg8 63.Ra7 Kh8
64.Rg7 f4 65.Kc4 Ne3+ 66.Kxb4 Nf5 67.Ra7 Ne3 68.Ra2 Kh7 69.Kc3 Kxh6 70.Kd3 Kg5
71.Ke4 Kg4 72.Ra8 Kg3 73.Rg8+ Kf2 74.Kxf4 Nxg2+ 75.Ke4 Ne3 76.Rf8+ Ke2 77.Ra8 Kd2
78.Ra3 Nc2 79.Rh3 Nb4  1/2-1/2

[Event "BL2-N9596"]
[Site "Germany"]
[Date "1996.??.??"]
[Round "?"]
[White "Blauert, Joerg"]
[Black "Heuer, Thomas"]
[Result "1-0"]
[WhiteElo "2390"]
[BlackElo "2290"]

1.e4 c5 2.c3 Nf6 3.e5 Nd5 4.d4 cxd4 5.Nf3 Nc6 6.Bc4 Nb6 7.Bb3 d5 8.exd6 Qxd6
9.O-O Be6 10.Na3 dxc3 11.Qe2 Bxb3 12.Nb5 Qb8 13.axb3 e5 14.bxc3 f6 15.Be3 Nd5
16.Nh4 a6 17.Qh5+ g6 18.Nxg6 hxg6 19.Qxh8 axb5 20.Bh6 Ke7 21.Bxf8+  1-0

[Event "BL2-N9596"]
[Site "Germany"]
[Date "1996.??.??"]
[Round "?"]
[White "Blauert, Joerg"]
[Black "Mach, Holger"]
[Result "1/2-1/2"]
[WhiteElo "2390"]
[BlackElo "2290"]

1.e4 c5 2.c3 Nf6 3.e5 Nd5 4.d4 cxd4 5.Nf3 Nc6 6.Bc4 Nb6 7.Bb3 d5 8.exd6 Qxd6
9.O-O Be6 10.Na3 dxc3 11.Qe2 Bxb3 12.Nb5 Qb8 13.axb3 e5 14.Nfd4 Nxd4 15.Nxd4 f6
16.bxc3 Kf7 17.Nb5 a6 18.Be3 axb5 19.Bxb6 Rxa1 20.Rxa1 Qe8 21.Ra5 b4 22.c4 Qc6
23.Rb5 Be7 24.Ba5 Ra8 25.h3 Kg8 26.Qd2 Qe4 27.Qd5+ Qxd5 28.cxd5 b6 29.Bxb4 Bxb4
30.Rxb4 Ra1+ 31.Kh2 Rd1 32.Rxb6 Rxd5 33.Rb7  1/2-1/2

[Event "BL2-O9596"]
[Site "Germany"]
[Date "1996.??.??"]
[Round "?"]
[White "Proehl, Holger"]
[Black "Heidrich, Manfred"]
[Result "1/2-1/2"]
[WhiteElo "2300"]
[BlackElo "2340"]

1.e4 c5 2.c3 Nf6 3.e5 Nd5 4.g3 Nc6 5.Bg2 e6 6.Nf3 d6 7.exd6 Bxd6 8.O-O O-O
9.d4 cxd4 10.Nxd4 Nxd4 11.Qxd4 Qc7 12.Nd2 Rd8 13.Qc4 Bc5 14.Kh1 Qb6 15.Ne4 Be7
16.Qb3 Bd7 17.c4 Qxb3 18.axb3 Nb4 19.Be3 b6 20.Nc3 Bc6 21.Bxc6 Nxc6 22.Nb5 Na5
23.Ra4 Rd3 24.Nxa7 Rxb3 25.Nc6 Bf8 26.c5 Rc8 27.Na7 Rxc5 28.Bxc5 Bxc5 29.Rc1 Nb7
30.Nc6 h6 31.Rc2 Nd6 32.Ne5 Nb5 33.Nd7 Kh7 34.Nxc5 bxc5 35.Kg2 Nd6 36.Ra6 Rd3
37.Rxc5 Rd2 38.Rac6 Nf5 39.b4 Rb2 40.b5 g5 41.h3 Kg6 42.Ra6 Kg7 43.Rc7 Rxb5
44.Rxe6 Rd5 45.Ra6 Nd4 46.Ra8 Ne6 47.Rcc8 Kg6 48.Rg8+ Kh7 49.Kf3 Rf5+ 50.Kg2 Rd5
51.Rgb8 Rd7 52.Rb4 Kg6 53.h4 Ng7 54.Ra6+ Ne6 55.Kh3 Rd2 56.f4 Rf2 57.Rc4 Kg7
58.fxg5 hxg5 59.Rg4 f5 60.Rxg5+ Nxg5+ 61.hxg5 Kh7  1/2-1/2

[Event "BL2-O9596"]
[Site "Germany"]
[Date "1996.??.??"]
[Round "?"]
[White "Wernert, Wilfrid"]
[Black "Doeres, Hans Juergen"]
[Result "1/2-1/2"]
[WhiteElo "2300"]
[BlackElo "2250"]

1.e4 c5 2.c3 Nf6 3.e5 Nd5 4.d4 cxd4 5.cxd4 b6 6.Nc3 Nxc3 7.bxc3 Qc7 8.Bd2 e6
9.Nf3 d6 10.Bb5+ Bd7 11.a4 Nc6 12.O-O dxe5 13.Re1 Bd6 14.Nxe5 Nxe5 15.dxe5 Be7
16.Qg4 Kf8 17.c4 h5 18.Qe4 Rd8 19.Be3 g6 20.a5 bxa5 21.Ba6 Bc6 22.Qf4 Kg7
23.c5 Rd7 24.Be2 Rhd8  1/2-1/2

[Event "BL2-S9596"]
[Site "Germany"]
[Date "1996.??.??"]
[Round "?"]
[White "Huber, Armin"]
[Black "Warthmann, Ralf"]
[Result "1-0"]
[WhiteElo "2325"]
[BlackElo "2165"]

1.e4 c5 2.c3 Nf6 3.e5 Nd5 4.d4 cxd4 5.Nf3 e6 6.cxd4 b6 7.Nc3 Nxc3 8.bxc3 Qc7
9.Bb2 Bb7 10.Bd3 d6 11.exd6 Bxd6 12.O-O Nd7 13.c4 O-O 14.h3 h6 15.Re1 Rfe8
16.Qe2 Nf8 17.Ne5 Bxe5 18.dxe5 Red8 19.Rad1 Nd7 20.Qg4 Nc5 21.Bc2 Qe7 22.Bc1 Kf8
23.Rxd8+ Rxd8 24.Re3 f5 25.exf6 Qxf6 26.Re1 Rd4 27.Qe2 Kg8 28.Bb2 Qg5 29.f4 Qxf4
30.Bxd4 Qxd4+ 31.Kh1 Qc3 32.Kh2 Ba6 33.Rd1 Qf6 34.Qh5 Bxc4 35.Qe8+ Qf8  1-0

[Event "BL2-S9596"]
[Site "Germany"]
[Date "1996.??.??"]
[Round "?"]
[White "Steinbacher, Matthias"]
[Black "Howell, James C"]
[Result "1-0"]
[WhiteElo "2335"]
[BlackElo "2490"]

1.e4 c5 2.c3 Nf6 3.e5 Nd5 4.Nf3 Nc6 5.d4 cxd4 6.cxd4 d6 7.exd6 e6 8.Nc3 Nxc3
9.bxc3 Bxd6 10.Bd3 Ne7 11.O-O Ng6 12.Re1 O-O 13.h4 Nxh4 14.Ng5 h6 15.Qh5 Be7
16.Qxh4 Bxg5 17.Qe4 g6 18.Bxg5 Qxg5 19.Re3 Rb8 20.Rg3 Qf6 21.Qe3 Qg7 22.Re1 Bd7
23.Qf4 Rbc8 24.Re5 Rxc3 25.Rh5 e5 26.Rxe5 Re8 27.Rxe8+ Bxe8 28.Qb8 Qf8 29.d5 Rc1+
30.Kh2 Kg7 31.Qe5+ Kh7 32.Qf6 Qb4 33.Re3 Qa4 34.Bxg6+ Kg8 35.Re7  1-0

[Event "BL2-W9596"]
[Site "Germany"]
[Date "1996.??.??"]
[Round "?"]
[White "Kreutzkamp, Reinhold"]
[Black "Richter, Goetz"]
[Result "1/2-1/2"]
[WhiteElo "2255"]
[BlackElo "2170"]

1.e4 c5 2.c3 Nf6 3.e5 Nd5 4.d4 cxd4 5.Nf3 e6 6.cxd4 d6 7.a3 Be7 8.Bd3 Nd7
9.O-O dxe5 10.dxe5 Nc5 11.Bc2 a5 12.Nbd2 Bd7 13.Ne4 Rc8 14.Bd2 O-O 15.Nxc5 Rxc5
16.Qb1 g6 17.Be4 Qb6 18.b4 axb4 19.axb4 Rc7 20.Bxd5 exd5 21.Qb2 Rfc8 22.Rfc1 Rxc1+
23.Rxc1 Rxc1+ 24.Qxc1 Bxb4 25.Bxb4 Qxb4 26.h3 Qb6 27.Qh6 f6 28.exf6 Qxf6
29.Qe3 b5 30.Qa7 Qd6 31.Nd4 b4 32.h4 h5 33.g3 Kf7 34.Nb5 Qc6 35.Nd4 Qa4 36.Qc5 Be6
37.Qc7+ Qd7 38.Qc5 Qe7 39.Qb6 Bg4 40.Kh2 Be6 41.Nc6 Qd6 42.Qb7+ Kf6 43.Nd4 Bd7
44.Qa8 Ke5 45.Ne2 d4 46.Qf3 d3 47.Qe3+ Kf6 48.Nd4 Bf5 49.Qh6 Ke5 50.Qe3+ Kf6
51.Qh6 Qd5 52.Qf8+ Ke5 53.Nf3+ Qxf3 54.Qe7+ Kd4 55.Qxb4+ Ke5 56.Qb8+ Ke6
57.Qe8+ Kd6 58.Qf8+ Kc7 59.Qf7+ Kb8 60.Qf8+ Kc7  1/2-1/2

[Event "Oberliga Ost C9596"]
[Site "Germany"]
[Date "1996.??.??"]
[Round "?"]
[White "Rechel, Ralf"]
[Black "Chandler, Patrick"]
[Result "1-0"]
[WhiteElo "2165"]
[BlackElo "2180"]

1.e4 c5 2.c3 Nf6 3.e5 Nd5 4.d4 e6 5.Nf3 d6 6.dxc5 dxc5 7.Bd3 Nc6 8.O-O Be7
9.Qe2 Qc7 10.a3 Na5 11.c4 Nb6 12.Nbd2 Nd7 13.Rb1 Nc6 14.Re1 b6 15.Ne4 Bb7
16.Bf4 h6 17.Nd6+ Bxd6 18.exd6 Qd8 19.b4 Qf6 20.Bg3 Nd4 21.Nxd4 Qxd4 22.Rbd1 Qf6
23.bxc5 bxc5 24.Rb1 Bc6 25.Be4 Bxe4 26.Qxe4 O-O 27.Rb7 Nb6 28.d7 Rfd8 29.Bc7 Nxd7
30.Bxd8 Rxd8 31.Rd1 Nf8 32.Rxd8 Qxd8 33.g3 Ng6 34.Rxa7 Qd6 35.a4 f5 36.Qf3 Qd4
37.a5 Ne5 38.Qb7 Nxc4 39.Qf7+ Kh7 40.Qxe6 Qd3 41.Rf7 Qd1+ 42.Kg2 Ne3+ 43.Qxe3 Qd5+
44.Kh3 Qxf7 45.Qxc5 f4 46.a6 Qe6+ 47.g4 Qxa6 48.Qf5+ Kh8 49.Qxf4 Qf1+ 50.Kg3 Qg1+
51.Kf3 Qh1+ 52.Ke2 Qg2 53.h4 Qh3 54.g5 Qe6+ 55.Kf1 hxg5 56.hxg5 Kh7 57.Kg2 Kg6
58.Kg3 Qd5 59.Kg4 Qg2+ 60.Qg3 Qe4+ 61.f4 Qf5+ 62.Kh4 Qe4 63.Qf2 Kf5 64.Kg3 Qb1
65.Qe3 Qd1 66.Qe5+ Kg6 67.Qe6+ Kh7 68.Qe4+ g6 69.Qe7+ Kh8 70.Qf8+ Kh7 71.Qh6+ Kg8
72.Qxg6+ Kh8 73.Qe4 Qg1+ 74.Kh4 Qh2+ 75.Kg4 Kg7 76.Qe7+ Kg8 77.Qe6+ Kg7 78.Qh6+ Qxh6
79.gxh6+ Kxh6 80.Kf5 Kg7 81.Ke6 Kg8 82.Ke7  1-0

[Event "Oberliga Ost C9596"]
[Site "Germany"]
[Date "1996.??.??"]
[Round "?"]
[White "Linker, Torsten"]
[Black "Jakel, Wolfgang"]
[Result "1-0"]
[WhiteElo "2275"]
[BlackElo "2245"]

1.e4 c5 2.c3 Nf6 3.e5 Nd5 4.d4 cxd4 5.Nf3 Nc6 6.Bc4 e6 7.cxd4 d6 8.O-O Be7
9.Qe2 O-O 10.Qe4 Ndb4 11.exd6 Qxd6 12.Nc3 f5 13.Qe2 Na5 14.Nb5 Qb6 15.Bf4 Nxc4
16.Qxc4 Nd5 17.Nc7 Nxf4 18.Nxa8 Qd6 19.Nc7 a6 20.g3 b5 21.Qc5 Nh3+ 22.Kg2 Bb7
23.Qxd6 Bxd6 24.Rac1 g5 25.Kxh3 Bxf3 26.Nxe6 Be7 27.Nxg5 Bxg5 28.Rc3 Be2
29.Rg1 Bf6 30.Re1 Bc4 31.b3 Bd5 32.Rc7 Rf7 33.Re8+ Kg7 34.Rec8 Bxd4 35.Rxf7+ Kxf7
36.Rc7+ Kf6 37.Rxh7 a5 38.Rh6+ Ke5 39.f4+ Ke4  1-0

[Event "BL2-O9697"]
[Site "Germany"]
[Date "1996.??.??"]
[Round "?.7"]
[White "Voigt, Ulrich"]
[Black "Braun, Christian"]
[Result "1-0"]
[WhiteElo "2210"]
[BlackElo "2200"]

1.e4 c5 2.c3 Nf6 3.e5 Nd5 4.d4 cxd4 5.cxd4 e6 6.Nc3 Nxc3 7.bxc3 Qc7 8.Bd2 b6
9.Nf3 Bb7 10.Bd3 d6 11.O-O Nd7 12.Re1 dxe5 13.Nxe5 Nxe5 14.Rxe5 Bd6 15.Rh5 g6
16.Rh4 O-O 17.Qe2 Rfe8 18.f4 Rad8 19.Re1 Bc6 20.Qe3 Be7 21.Rh3 Bf8 22.Qf2 b5
23.Re5 f6 24.Re1 Qd7 25.Qh4 f5 26.Re5 Re7 27.g4 Rde8 28.Rg3 Rg7 29.Ree3 Ree7
30.Bc2 Bd5 31.a3 Ref7 32.Bc1 Bd6 33.Qh6 Qc7 34.Re2 Bf8 35.Qg5 Be7 36.Qh6 Bf8
37.Qg5 Qc4 38.Kf2 a5 39.Qd8 Qc7 40.Qe8 Qd7 41.Qxd7 Rxd7 42.Bd3 Rb7 43.gxf5 gxf5
44.a4 bxa4 45.c4 Rxg3 46.hxg3 Be4 47.Bxe4 fxe4 48.c5 Rb4 49.Ke3 Rc4 50.Bb2 a3
51.Ba1 e5 52.fxe5 Rc1 53.Ra2 Re1+ 54.Kf2 Rc1 55.Rxa3 Bh6 56.Bc3 Rc2+ 57.Ke1 a4
58.c6 Rc1+ 59.Ke2 Rc2+ 60.Kf1 Rc1+ 61.Kg2 Rc2+ 62.Kh3 Rf2 63.c7 Rf8 64.Rxa4  1-0

[Event "BL2-S9697"]
[Site "Germany"]
[Date "1996.??.??"]
[Round "?.3"]
[White "Werner, Clemens"]
[Black "Beikert, Guenther"]
[Result "0-1"]
[WhiteElo "2365"]
[BlackElo "2435"]

1.e4 c5 2.c3 Nf6 3.e5 Nd5 4.d4 cxd4 5.Nf3 Nc6 6.Bc4 Nb6 7.Bb3 d5 8.exd6 Qxd6
9.O-O Bf5 10.Nxd4 Nxd4 11.cxd4 e6 12.Nc3 Be7 13.Qf3 Qd7 14.Bf4 O-O 15.Rfd1 Bf6
16.Ne4 Bxe4 17.Qxe4 Rac8 18.Be5 Nd5 19.h4 Bxe5 20.dxe5 Rc5 21.Rd3 Qb5 22.Rad1 g6
23.h5 Nb4 24.Re3 Nc6 25.hxg6 hxg6 26.Bxe6 Kg7 27.Bd7 Qxb2 28.Bxc6 Rxc6 29.Qf4 Qc2
30.Red3 Re8 31.Qd4 Rce6 32.a4 a6 33.f4 b5 34.axb5 axb5 35.Rc3 Qf5 36.Rb3 Rb8
37.Rdb1 g5 38.Rxb5 Rxb5 39.Rxb5 gxf4 40.Rd5 f3 41.g4 Qc2 42.Qd2 Qe4 43.g5 Qg4+
44.Kf1 Qh3+ 45.Kg1 Qg3+ 46.Kf1 Rb6  0-1

[Event "BL2-W9697"]
[Site "Germany"]
[Date "1996.??.??"]
[Round "?.7"]
[White "Lauzeningks, Jan"]
[Black "Tennstedt, Andreas"]
[Result "1/2-1/2"]
[WhiteElo "2310"]
[BlackElo "2245"]

1.e4 c5 2.c3 Nf6 3.e5 Nd5 4.Nf3 Nc6 5.d4 cxd4 6.Bc4 Nb6 7.Bb3 d5 8.exd6 Qxd6
9.O-O Be6 10.Bxe6 Qxe6 11.Nxd4 Nxd4 12.Qxd4 Rd8 13.Qe3 Qxe3 14.Bxe3 e6 15.Nd2 Na4
16.Rab1 Bc5 17.Bxc5 Nxc5 18.Nf3 Ke7 19.Rfd1 Rxd1+ 20.Rxd1  1/2-1/2